00417nam a2200193Ia 4500003000900000008004100009040001300050040001300063041000800076100002800084245002200112250001100134260001400145260000900159300001100168300001000179490002800189490000600217IT-RoPAU120407s9999 xx 000 0 und d aIT-RoPAU cIT-RoPAU aita aHans Urs von Balthasar  aSperare per tutti aMilano aJaca Book c1988 a137 p. c23 cm aGià e non ancora, 165 v1